000
00267nam a2200121 4500
008
190122s1983||||xo d
245
1
0
_a
Cvicenia z matematiky
260
_b
SPN
_a
Bratislava
_c
1983
020
_c
0
041
1
_a
slo
044
_a
xo
_c
SK
958
_a
APR
999
_c
22010
_d
22010